000 00410 a2200133 4500
020 _a0471973505 (acid-free paper)
082 _a627.120 HER
100 _aHerschy,R.W.
245 _aHydrometry :
_bprinciples and practices /
_cedited by R.W. Herschy.
250 _a2nd ed.
260 _aNew York :
_bJohn Wiley,
_cc1999.
300 _avi, 376 p. :
_bill., maps ;
_c25 cm.
650 _aStream measurements.
650 _aHydraulic measurements.
999 _c1547
_d1547